000 00628nam a22001817a 4500
003 LK-CoMWRAF
008 240611b |||||||| |||| 00| 0 eng d
040 _aLK-CoMWRAF
_dLK-CoMWRAF
_eLK-CoMWRAF
041 _aeng
082 _a305.42
_bWOM
111 _aTENTH NATIONAL CONVENTION ON WOMEN'S STUDIES
_c( Colombo,
_d 2-6 th April 2006)
245 _aSESSION XV:
_bGender, language and literature
260 _aColombo:
_b Centre for Women's Research,
_c2006
300 _aVarious paging.; tables
_bBibliography included
650 _a WOMEN'S STUDIES- Sri Lanka- Congresses
650 _aWomen authors- Sri Lanka
942 _cCP
999 _c4919
_d4919